Boletin Juridico Allen & Overy

Detalles Bibliográficos
Formato: Desconocido
Lenguaje:español
Publicado: [London] [etc.] : Allen & Overy
Materias:
Acceso en línea:Acceso restringido

MARC

LEADER 00000ny a22000003n 4500
005 20110509141631.0
008 080924s2005 sp br s 000 a0spa c
035 |a 739 
040 |a UMA.RE  |d vlex 
080 |a 34(460)(0.034) 
090 |c 1468  |d 1468 
245 0 0 |a Boletin Juridico Allen & Overy  |h [Recurso electrn̤ico] 
256 |a Servicio en ln̕ea 
260 |a [London] [etc.] :  |b Allen & Overy 
310 |a Bimestral 
506 1 |a Contenido solo disponible en los productos indicados  |d vLex Global  |d vLex Global (Academic Edition, excluding Law Schools)  |d vLex Global (U.S. Academic Edition, Law Schools)  |d vLex Global (U.S. Academic Edition, excluding Law Schools)  |d vLex Global (Academic Edition, Law Schools) 
650 0 7 |a Tributario  |2 Tesauro vLex 
650 0 7 |a Actividad crediticia  |2 Tesauro vLex 
650 0 7 |a Mercados financieros  |2 Tesauro vLex 
650 0 7 |a Mercado de capitales  |2 Tesauro vLex 
740 0 |a vLex Revista (Servicios en ln̕ea) 
853 |8 1  |i (year)  |j (month)  |k (day) 
856 |u http://vlex.com/source/allen-overy-boletin-juridico-739  |z Acceso restringido 
942 |c REV